000 00349nam a2200133Ia 4500
008 240624s9999 xx 000 0 und d
041 _aeng
082 _a658.503 HAR
100 _aHARRIS CHRIS
245 _aCAPITALIZING ON LEAN PRODUCTION SYSTEMS
260 _c2014
_aLondon
_bCRC Press
300 _axxiv, : 165 : p. : cm. ; 27
365 _cGBP
_b30
999 _c23452
_d23452